01734nam a2200289 a 450000100100000000500170001000800410002704000250006808200200009310000480011324500870016126000970024830000380034559000250038365100600040865100540046865100580052265100530058071001020063391000380073595201350077395201350090895201350104395201240117895201290130299900130143100000059420250621074003.0090331s2007 dr ad 000 0 spa d aDO-SdBNPbspacBNPHU a351.7293bM766t1 aMontás, Juan Temístocles d1950-97967610aTres años de una gestión gubernamental exitosa /cJuan Temístocles Montás. a[Santo Domingo] :bSecretaría de Estado de Economía Planificación y Desarrollo,c2007. a92 p. :bil., gráfcs. ;c21 cm. aInventariado,2018/DG 4aRepública DominicanaxAdministración Pública9657 0aRepública DominicanaxPolítica y gobierno945 4aRepública DominicanaxCondiciones Económicas9281 4aRepública DominicanaxCondiciones Sociales9461 aRepública Dominicana. bSecretaría de Estado de Economía Planificación y Desarrollo91941 aValidado. Control de calidad. EMS 001056708DSaBNPHUbBNPHUcHDd2009-08-20iLF1l0o351.7293 M766tp594-30r2020-06-25te.3w2020-06-25yLF1ZPréstamo en sala 001056708DSaBNPHUbBNPHUcHDd2009-08-20iLF1l0o351.7293 M766tp594-40r2020-06-25te.4w2020-06-25yLF1ZPréstamo en sala 001056708DSaBNPHUbBNPHUcHDd2009-08-20iLF1l0o351.7293 M766tp594-50r2020-06-25te.5w2020-06-25yLF1ZPréstamo en sala 001053718PDaBNPHUbBNPHUcHDd2009-08-20iLF1l0o351.7293 M766tp594-10r2020-06-25w2020-06-25yLF1ZNo se presta 001053718PDaBNPHUbBNPHUcHDd2009-08-20iLF1l0o351.7293 M766tp594-20r2020-06-25te.2w2020-06-25yLF1ZNo se presta c592d592